Harry Potter: le Sortilège Oppugno - Statistiques

Statistiques générales
  • Ce quiz a été pris 40 fois
  • Le résultat moyen est 5 sur 6
Statistiques - réponses
Information Réponses % Correct
Personne l'ayant lancé Hermione Granger
97%
Première apparition Harry Potter et le Prince de Sang-Mêlé
94%
Dernière apparition Harry Potter et le Prince de Sang-Mêlé
94%
Personne l'ayant subit Ron Weasley
91%
Type de sort Enchantement
66%
Effet Diriger un objet pour attaquer quelqu'un
56%
Aucun quiz correspondant
Distribution des résultats
% des personnes avec chaque résultat
Percentile par nombre de réponses
Votre historique - résultats
Vous n’avez pas pris ce quiz